000 01593nam a2200217Ia 4500
003 Ost
005 20260507075631.0
008 260507s9999||||xx |||||||||||||| ||und||
020 _a1415224977
040 _cfsecg
041 _aara
100 _aأبو الفضل، عبد الشافي محمد
_eمؤلف
245 0 _aالقيادة الإدارية في الإسلام /
_c عبد الشافي محمد أبو الفضل
260 _aهيرندن:
_bالمعهد العالمي للفكر الاسلامي,
_c1996
300 _a353 صفحة؛
_c24 سم
504 _a المراجع ص.299
520 _aهذا الكتاب يصدر في سلسلة دراسات الإقتصاد الإسلامي التي يصدرها المعهد العالمي للفكر الإسلامي ويتناول هذا الكتاب تنظيم علاقت المؤسسات سواء كانت مع غيرها من الأفراد والمؤسسات الأخرى ، أو في جانب استخدامتها للأموال المتاحة لها ،أو في جانب الخدمات الأخرى عند التمويلية التي تقوم بها وقد خصص هذا الكتاب في فصوله المتعددة موضوع القيادة الإدارية في الإسلام من خلال مقومات وعناصر القيادة في الفكر الإداري المعاصر وتحليل ومناقشة مناهج البحث وعمليات القياس المستخدمة في دراسة الظاهرة
653 _aالإسلام والاقتصاد
653 _aتنظيم وادارة
942 _cكتاب
999 _c45202
_d45202